| 000 | 00627nam a2200193Ia 4500 | ||
|---|---|---|---|
| 003 | OSt | ||
| 005 | 20250129145920.0 | ||
| 008 | 210210b1990 xxu||||| |||| 00| 0 eng d | ||
| 040 | _cAL | ||
| 041 | _aKannada | ||
| 082 | _aK894.109 SHIK | ||
| 100 |
_aSHIVARUDRAPPA (G S).Ed. _9133919 _d ಶಿವರುದ್ರಪ್ಪ (ಜಿ ಎಸ್). |
||
| 245 |
_aKannada sahityadalli Kalidasa. _bಕನ್ನಡ ಕಾವ್ಯದಲ್ಲಿ ಕಾಳಿದಾಸ |
||
| 260 |
_aBengaluru _bKarnataka Sahitya Akademi _c1990 |
||
| 300 | _aviii,184 | ||
| 690 |
_aKannada Poetry Criticism _9133920 |
||
| 906 | _a044419 | ||
| 942 |
_2ddc _cBK |
||
| 999 |
_c93752 _d93752 |
||